| 000 | 00488nam a2200205Ia 4500 | ||
|---|---|---|---|
| 005 | 20251020182514.0 | ||
| 008 | 200515s9999 xx 000 0 und d | ||
| 082 | _a658.11.011(81)/S42 | ||
| 110 | _aSena | ||
| 245 | 0 | _aBibliografía de pequeña e media empresa | |
| 260 | _aRio de Janeiro | ||
| 260 | _c1985 | ||
| 300 | _a180 p. | ||
| 500 | _a1 ejemplar | ||
| 650 | _aBIBLIOGRAFIA | ||
| 650 | _aEMPRESAS | ||
| 650 | _aPEQUEÑA Y MEDIAN EMPRESA | ||
| 942 | _cLIB | ||
| 999 |
_c1514 _d1514 |
||